[Event "St Louis Spring B"]
[Site "Saint Louis USA"]
[Date "2018.03.10"]
[Round "5.2"]
[White "Kannappan, Priyadharshan"]
[Black "Grabinsky, Aaron"]
[Result "1-0"]
[WhiteTitle "GM"]
[WhiteElo "2513"]
[BlackElo "2375"]
[WhiteFideId "5018293"]
[BlackFideId "2087090"]
[EventDate "2018.03.06"]

1. d4 e6 2. c4 Bb4+ 3. Nd2 Nf6 4. a3 Be7 5. e4 d6 6. Bd3 O-O 7. Ne2 e5 8. d5 a5
9. b3 Nh5 10. Nf1 Bg5 11. Ne3 g6 12. g3 Bh3 13. Nc3 Na6 14. Bf1 Bxf1 15. Kxf1
Qe8 16. h4 Bh6 17. Qc2 Kh8 18. g4 Nf4 19. Ng2 Qd7 20. f3 Rae8 21. h5 Bg5 22.
Nxf4 exf4 23. Ne2 Qe7 24. Bb2+ Kg8 25. Qc3 f6 26. Nd4 Nc5 27. Qc2 Qf7 28. b4 Nd7
29. hxg6 Qxg6 30. Ne6 Rxe6 31. dxe6 Ne5 32. Bxe5 fxe5 33. Qd3 Be7 34. bxa5 Ra8
35. Rb1 Ra7 36. a6 b6 37. c5 dxc5 38. Qd7 c6 39. Qc8+ Kg7 40. Rxb6 Ra8 41. Qd7 1-0

[Event "St Louis Spring B"]
[Site "Saint Louis USA"]
[Date "2018.03.10"]
[Round "5.3"]
[White "Shtembuliak, Evgeny"]
[Black "Liang, Awonder"]
[Result "1/2-1/2"]
[WhiteTitle "IM"]
[BlackTitle "GM"]
[WhiteElo "2507"]
[BlackElo "2570"]
[WhiteFideId "14113325"]
[BlackFideId "2056437"]
[EventDate "2018.03.06"]

1. d4 Nf6 2. Nf3 b6 3. Bg5 Bb7 4. Bxf6 gxf6 5. c4 e6 6. Nc3 f5 7. e3 Bg7 8. g3
c5 9. d5 O-O 10. Bg2 a6 11. a4 b5 12. axb5 axb5 13. Nxb5 exd5 14. Nd6 Rxa1 15.
Qxa1 Ba6 16. Nxf5 Bf6 17. Nd2 dxc4 18. O-O d5 19. Rd1 Bc8 20. g4 Bxf5 21. gxf5
Qc8 22. Bxd5 Qxf5 23. Nxc4 Kh8 24. Rd2 Nd7 25. Qd1 Ne5 26. Nxe5 Bxe5 27. Kh1 Rd8
28. f4 Bxb2 29. Bf3 Rxd2 30. Qxd2 Bf6 31. Qd6 Kg7 32. Qd5 1/2-1/2

[Event "St Louis Spring B"]
[Site "Saint Louis USA"]
[Date "2018.03.10"]
[Round "5.4"]
[White "Khachiyan, Melikset"]
[Black "Chandra, Akshat"]
[Result "1/2-1/2"]
[WhiteTitle "GM"]
[BlackTitle "GM"]
[WhiteElo "2525"]
[BlackElo "2490"]
[WhiteFideId "13300512"]
[BlackFideId "25006711"]
[EventDate "2018.03.06"]

1. e4 e5 2. Nf3 Nc6 3. Bc4 Bc5 4. d3 Nf6 5. O-O d6 6. c3 O-O 7. h3 h6 8. Nbd2 a5
9. Re1 Be6 10. Bb5 Ne7 11. d4 exd4 12. cxd4 Ba7 13. Bd3 Ng6 14. d5 Bd7 15. Nc4
Re8 16. Nxa5 Bxf2+ 17. Kxf2 Rxa5 18. Bd2 Ra8 19. Bc3 c6 20. Qd2 cxd5 21. exd5
Rxe1 22. Rxe1 Rxa2 23. Bxg6 fxg6 24. Qf4 Qf8 25. Qc4 Ra8 26. Qc7 Qb8 27. Qxb8+
Rxb8 28. Re7 Rd8 29. Bxf6 gxf6 30. Nd4 Kf8 31. Rh7 Kg8 32. Re7 Kf8 1/2-1/2

[Event "St Louis Spring B"]
[Site "Saint Louis USA"]
[Date "2018.03.10"]
[Round "5.5"]
[White "Mikhalevski, Victor"]
[Black "Ali Marandi, Cemil Can"]
[Result "1-0"]
[WhiteTitle "GM"]
[BlackTitle "GM"]
[WhiteElo "2557"]
[BlackElo "2538"]
[WhiteFideId "2801914"]
[BlackFideId "6300529"]
[EventDate "2018.03.06"]

1. c4 f5 2. g3 Nf6 3. Bg2 g6 4. Nc3 Bg7 5. d3 O-O 6. e4 d6 7. Nge2 fxe4 8. dxe4
c5 9. O-O Nc6 10. h3 Be6 11. b3 Qd7 12. Nf4 Bf7 13. h4 Nh5 14. Bh3 e6 15. Nfe2
Nd4 16. Be3 Nxe2+ 17. Nxe2 Bxa1 18. Qxa1 Rfe8 19. e5 d5 20. cxd5 Qxd5 21. Bg2
Qd3 22. Re1 Red8 23. Nc3 Be8 24. Bxb7 Rab8 25. Bg2 Rbc8 26. Bg5 Rd4 27. Ne4 Rc7
28. Qc1 c4 29. Nd6 Bc6 30. bxc4 Nxg3 31. Qb2 Rb7 32. Nxb7 Rg4 33. f3 Bxf3 34.
Nd6 Kg7 35. Bxf3 Qxf3 36. Qb7+ Qxb7 37. Nxb7 Ne4+ 38. Kh2 Nxg5 39. hxg5 Rxc4 40.
Nd8 Kf8 41. Kg3 Ke7 42. Nb7 Rc3+ 43. Kf4 Rc4+ 44. Re4 Rc1 45. Nd6 Rf1+ 46. Ke3
Re1+ 47. Kf2 Rc1 48. Rc4 1-0

[Event "St Louis Spring B"]
[Site "Saint Louis USA"]
[Date "2018.03.11"]
[Round "6.1"]
[White "Gorovets, Andrey"]
[Black "Ali Marandi, Cemil Can"]
[Result "1/2-1/2"]
[WhiteTitle "GM"]
[BlackTitle "GM"]
[WhiteElo "2496"]
[BlackElo "2538"]
[WhiteFideId "13504037"]
[BlackFideId "6300529"]
[EventDate "2018.03.06"]

1. d4 d5 2. c4 c6 3. cxd5 cxd5 4. Nc3 Nc6 5. e4 e6 6. exd5 exd5 7. Nf3 Nf6 8.
Bb5 Bd6 9. O-O O-O 10. h3 h6 11. Re1 Be6 12. Ne5 Qb6 13. Bxc6 bxc6 14. Na4 Qb7
15. Bf4 Rfe8 16. Qc2 Rac8 17. Rac1 Qb8 18. Nc5 Bxc5 19. dxc5 Qb7 20. Nf3 Bd7 21.
Nd4 Rxe1+ 22. Rxe1 Qb4 23. Rd1 Re8 24. a3 Qb7 25. b4 Re4 26. Bd6 Qc8 27. f3 Re3
28. Qc1 Re8 29. a4 a6 30. b5 axb5 31. axb5 cxb5 32. c6 Be6 33. Nxb5 Qa6 34. Qc5
Bc8 35. Rc1 Qa2 36. Nd4 Qd2 37. Kh2 Nh5 38. Qc3 Qf2 39. Rc2 Qf1 40. Rc1 Qf2 41.
c7 g5 42. Qc6 Nf6 43. Be5 Ng4+ 44. fxg4 Rxe5 45. Nf5 h5 46. Qc5 Qf4+ 47. Kg1 d4
48. Qc4 d3 49. Qxf4 gxf4 50. Rd1 Bxf5 51. gxf5 Rc5 1/2-1/2

[Event "St Louis Spring B"]
[Site "Saint Louis USA"]
[Date "2018.03.11"]
[Round "6.2"]
[White "Liang, Awonder"]
[Black "Mikhalevski, Victor"]
[Result "0-1"]
[WhiteTitle "GM"]
[BlackTitle "GM"]
[WhiteElo "2570"]
[BlackElo "2557"]
[WhiteFideId "2056437"]
[BlackFideId "2801914"]
[EventDate "2018.03.06"]

1. e4 e5 2. Nf3 Nc6 3. Bb5 a6 4. Ba4 g6 5. c3 Bg7 6. O-O Nge7 7. d4 exd4 8. cxd4
b5 9. Bc2 d6 10. h3 O-O 11. Nc3 Na5 12. b3 c5 13. Bg5 h6 14. Be3 f5 15. Rc1 f4
16. Bd2 Nac6 17. Nd5 Nxd5 18. exd5 Nxd4 19. Bxg6 Nxf3+ 20. Qxf3 Qg5 21. Bb1 Bb7
22. Qd3 Rf7 23. g3 Bd4 24. Kh2 fxg3+ 25. Qxg3 Qxg3+ 26. fxg3 Re8 27. Bd3 Rfe7
28. Rce1 Rxe1 29. Rxe1 Rxe1 30. Bxe1 Bxd5 31. Bd2 Kg7 32. Bf4 Be5 33. Bxe5+ dxe5
34. Kg1 e4 35. Bc2 e3 36. Kf1 Bf3 37. Bf5 c4 0-1

[Event "St Louis Spring B"]
[Site "Saint Louis USA"]
[Date "2018.03.11"]
[Round "6.3"]
[White "Chandra, Akshat"]
[Black "Shtembuliak, Evgeny"]
[Result "0-1"]
[WhiteTitle "GM"]
[BlackTitle "IM"]
[WhiteElo "2490"]
[BlackElo "2507"]
[WhiteFideId "25006711"]
[BlackFideId "14113325"]
[EventDate "2018.03.06"]

1. e4 e6 2. d4 d5 3. Nd2 c5 4. Ngf3 Nc6 5. exd5 exd5 6. Bb5 Qe7+ 7. Be2 Nf6 8.
dxc5 Qxc5 9. O-O Be7 10. Nb3 Qd6 11. Bg5 O-O 12. Re1 Bf5 13. c3 Rfe8 14. Nfd4
Bg6 15. Bh4 Ne4 16. Bxe7 Rxe7 17. f3 Nf6 18. Bf1 Ne5 19. Nb5 Qd7 20. N3d4 a6 21.
Na3 Rae8 22. Qd2 h5 23. Red1 Qc7 24. Qf2 Nfd7 25. h3 Nc5 26. Rd2 Ncd3 27. Qg3
Nxb2 28. f4 Ned3 29. Bxd3 Qxc3 30. f5 Qxd2 31. fxg6 Qxd3 0-1

[Event "St Louis Spring B"]
[Site "Saint Louis USA"]
[Date "2018.03.11"]
[Round "6.4"]
[White "Grabinsky, Aaron"]
[Black "Khachiyan, Melikset"]
[Result "0-1"]
[BlackTitle "GM"]
[WhiteElo "2375"]
[BlackElo "2525"]
[WhiteFideId "2087090"]
[BlackFideId "13300512"]
[EventDate "2018.03.06"]

1. Nf3 Nf6 2. g3 d5 3. Bg2 g6 4. O-O Bg7 5. c4 O-O 6. cxd5 Nxd5 7. d4 Nc6 8. e4
Nb6 9. d5 Na5 10. Nc3 c6 11. Nd4 e6 12. Nb3 Nac4 13. dxc6 bxc6 14. Qc2 Qe7 15.
Nd2 Rb8 16. Nxc4 Nxc4 17. b3 Qb4 18. Bf4 Na3 19. Qd3 Bxc3 20. Bxb8 Bxa1 21. Bd6
Rd8 22. Bxb4 Rxd3 23. Bxa3 Bd4 24. Bb4 c5 25. Bxc5 Bxc5 26. Rc1 Ba6 27. Bf1 Rd2
28. Bxa6 Bxf2+ 29. Kf1 Rxa2 30. Be2 Bb6 31. b4 Rb2 32. b5 Kg7 33. Rc3 Rb4 34.
Bd3 Kf6 35. Ke2 Ke5 36. Rc2 Ra4 37. h4 Ra1 38. Rc8 h5 39. Rf8 Ra2+ 0-1

[Event "St Louis Spring B"]
[Site "Saint Louis USA"]
[Date "2018.03.11"]
[Round "6.5"]
[White "Fier, Alexandr"]
[Black "Kannappan, Priyadharshan"]
[Result "0-1"]
[WhiteTitle "GM"]
[BlackTitle "GM"]
[WhiteElo "2582"]
[BlackElo "2513"]
[WhiteFideId "2107139"]
[BlackFideId "5018293"]
[EventDate "2018.03.06"]

1. c4 c5 2. Nf3 Nc6 3. Nc3 e5 4. e3 f5 5. d4 e4 6. d5 exf3 7. dxc6 dxc6 8. Qxf3
Nf6 9. Bd2 Be7 10. O-O-O O-O 11. h3 Be6 12. Qe2 a6 13. g4 b5 14. gxf5 Bxc4 15.
Qf3 Bf7 16. Rg1 b4 17. Qg2 Ne8 18. Qxc6 Ra7 19. Be1 Qa5 20. Nd5 Qxa2 21. Nxe7+
Rxe7 22. Qxa6 Qxa6 23. Bxa6 Ra7 24. Bd3 Nf6 25. f3 Bb3 26. Bc2 Ra1+ 27. Kd2 Rd8+
28. Ke2 Bc4+ 29. Bd3 Rxd1 30. Bxc4+ Kh8 31. e4 Rc1 32. b3 Rdd1 33. e5 Nh5 34. e6
Nf6 35. Kf2 Ra1 36. Bb5 Kg8 37. Ke2 Rdc1 38. Kd2 Rd1+ 39. Ke2 Rdc1 40. Kd2 Kf8
41. Bc4 Ng8 42. f6 Nxf6 43. e7+ Ke8 44. Bb5+ Kxe7 45. Rxg7+ Kf8 46. Rg1 Rd1+ 47.
Ke2 Nd5 48. Bc4 Nf4+ 49. Ke3 Rxe1+ 50. Rxe1 Ng2+ 0-1

[Event "St Louis Spring B"]
[Site "Saint Louis USA"]
[Date "2018.03.12"]
[Round "7.1"]
[White "Kannappan, Priyadharshan"]
[Black "Gorovets, Andrey"]
[Result "1/2-1/2"]
[WhiteTitle "GM"]
[BlackTitle "GM"]
[WhiteElo "2513"]
[BlackElo "2496"]
[WhiteFideId "5018293"]
[BlackFideId "13504037"]
[EventDate "2018.03.06"]

1. e4 c5 2. Nf3 Nc6 3. d4 cxd4 4. Nxd4 g6 5. c4 Bg7 6. Be3 Nf6 7. Nc3 d6 8. Be2
O-O 9. O-O Bd7 10. f3 Nxd4 11. Bxd4 a5 12. Qd2 Bc6 13. Rfd1 Nd7 14. Bxg7 Kxg7
15. Qd4+ Kg8 16. b3 Qb6 17. Qxb6 Nxb6 18. Rac1 Rac8 19. Kf2 f5 20. exf5 gxf5 21.
f4 Nd7 22. Bd3 Nc5 23. Bb1 Rf7 24. Rd2 Rg7 25. g3 Rf8 26. Re1 h5 27. Bc2 h4 28.
a3 hxg3+ 29. hxg3 Kf7 30. b4 Rh8 31. Rg1 axb4 32. axb4 Ne6 33. Bxf5 Rh2+ 34. Ke1
Rxd2 35. Bxe6+ Kxe6 36. Kxd2 Kf5 37. b5 Bf3 38. Ke3 Bg4 39. Rh1 Ke6 40. Ne4 Bf5
41. Ng5+ Kd7 42. Rh8 Rg6 43. Rb8 Kc7 44. Rf8 Bg4 45. Rf7 Kd7 46. Kd4 Rg8 47. Rh7
Rc8 48. Rh2 Ra8 49. Ne4 Ra3 50. Nc3 e5+ 51. fxe5 dxe5+ 52. Kd3 Bf5+ 53. Kd2 Rb3
54. Re2 Ke6 55. Na4 Kd6 56. Re3 Rb4 57. Nb6 Rb1 58. Kc3 Rc1+ 59. Kb4 Rb1+ 60.
Kc3 Rc1+ 61. Kb4 Rb1+ 62. Rb3 Rxb3+ 63. Kxb3 Kc5 64. Na4+ Kd4 65. c5 e4 66. Kb4
e3 67. Nc3 Bg4 68. b6 e2 69. Nxe2+ Bxe2 70. c6 Bf3 71. cxb7 1/2-1/2

[Event "St Louis Spring B"]
[Site "Saint Louis USA"]
[Date "2018.03.12"]
[Round "7.2"]
[White "Khachiyan, Melikset"]
[Black "Fier, Alexandr"]
[Result "1/2-1/2"]
[WhiteTitle "GM"]
[BlackTitle "GM"]
[WhiteElo "2525"]
[BlackElo "2582"]
[WhiteFideId "13300512"]
[BlackFideId "2107139"]
[EventDate "2018.03.06"]

1. e4 c5 2. Nc3 Nc6 3. Nf3 e6 4. Bb5 Nd4 5. O-O a6 6. Bd3 Nc6 7. Nd5 d6 8. Ne3
g5 9. c3 h5 10. Bc2 g4 11. Ne1 Bg7 12. f3 gxf3 13. Nxf3 e5 14. Qe1 h4 15. Bb3
Be6 16. d4 cxd4 17. cxd4 Nxd4 18. Nxd4 exd4 19. Nf5 Be5 20. Bf4 Bxb3 21. axb3
Qb6 22. Qa5 Qxa5 23. Rxa5 f6 24. Nxd6+ Bxd6 25. Bxd6 Rc8 26. Rd5 Rc2 27. Rxd4 h3
28. gxh3 Rxh3 29. Bg3 Rh7 30. e5 fxe5 31. Bxe5 Re2 32. Bg3 Ne7 33. Rfd1 Rh5 34.
Rd8+ Kf7 35. R8d7 Rb5 36. R1d3 Ke8 37. Rd8+ Kf7 38. R8d7 Ke8 39. Rd8+ 1/2-1/2

[Event "St Louis Spring B"]
[Site "Saint Louis USA"]
[Date "2018.03.12"]
[Round "7.3"]
[White "Shtembuliak, Evgeny"]
[Black "Grabinsky, Aaron"]
[Result "1/2-1/2"]
[WhiteTitle "IM"]
[WhiteElo "2507"]
[BlackElo "2375"]
[WhiteFideId "14113325"]
[BlackFideId "2087090"]
[EventDate "2018.03.06"]

1. c4 c5 2. Nf3 Nf6 3. Nc3 d6 4. e3 g6 5. d4 cxd4 6. exd4 Bg7 7. Be2 O-O 8. O-O
Bf5 9. d5 Bg4 10. Be3 Nbd7 11. Rc1 a6 12. b3 Bxf3 13. Bxf3 Qa5 14. Be2 Nc5 15.
Bd4 Nfe4 16. Bxg7 Kxg7 17. Qd4+ Nf6 18. f4 Rfe8 19. Kh1 e5 20. dxe6 Nxe6 21. Qd2
Rad8 22. Bf3 Re7 23. Bd5 Qb6 24. f5 Qd4 25. Qe1 gxf5 26. Rxf5 Rde8 27. h3 Kh8
28. Qf1 Nc5 29. Rf4 Qd2 30. Rf2 Qxc1 31. Qxc1 Re1+ 32. Qxe1 Rxe1+ 33. Kh2 Nxd5
34. Nxd5 Kg7 35. g4 Ne4 36. Rc2 Nf6 37. Nc3 Re3 38. Kg2 Kg6 39. Nd1 Re5 40. Nf2
Kg5 41. Kf3 d5 42. Nd3 Re7 43. Nf4 d4 44. Ng2 Nd7 45. h4+ Kf6 46. Kg3 Re4 47.
Rf2+ Ke6 48. g5 Ne5 49. Rf6+ Ke7 50. Rf4 Re2 51. Rxd4 Rxa2 52. Re4 Kd6 53. Ne3
Nc6 54. Nf5+ Kc5 55. Nh6 Rb2 56. Nxf7 Rxb3+ 57. Kg4 Rb1 58. Kh5 a5 59. Ne5 Nd4
60. Nd7+ Kxc4 61. Nf6 a4 62. Re8 Rh1 63. Nxh7 a3 64. Ra8 Kb3 65. g6 Rg1 66. Ng5
Nf5 67. Nf3 Rg2 68. Rb8 Kc3 69. Rxb7 Rg3 70. Ra7 Kb2 71. Rb7+ Kc1 72. Rc7+ Kb2
73. Rb7+ Kc3 74. Rc7+ Kb4 75. Rb7+ Kc3 1/2-1/2

[Event "St Louis Spring B"]
[Site "Saint Louis USA"]
[Date "2018.03.13"]
[Round "8.1"]
[White "Gorovets, Andrey"]
[Black "Liang, Awonder"]
[Result "1/2-1/2"]
[WhiteTitle "GM"]
[BlackTitle "GM"]
[WhiteElo "2496"]
[BlackElo "2570"]
[WhiteFideId "13504037"]
[BlackFideId "2056437"]
[EventDate "2018.03.06"]

1. d4 Nf6 2. Bf4 c5 3. e3 g6 4. Nf3 Bg7 5. Nbd2 O-O 6. c3 d6 7. h3 Qb6 8. Qb3
Be6 9. Qa3 cxd4 10. exd4 Qc6 11. c4 d5 12. c5 Ne4 13. Be2 Qc8 14. Qe3 Nc6 15.
O-O Rd8 16. Rac1 Bf5 17. Rfd1 f6 18. Bh6 g5 19. Bxg7 Kxg7 20. Bd3 Nxd2 21. Rxd2
Qe6 22. Bxf5 Qxf5 23. b4 a6 24. a4 Re8 25. b5 Na5 26. Qd3 Qxd3 27. Rxd3 axb5 28.
axb5 Nc4 29. Nd2 Nxd2 30. Rxd2 Ra4 31. c6 bxc6 32. Rxc6 Rb4 33. Rb6 Kf7 1/2-1/2

[Event "St Louis Spring B"]
[Site "Saint Louis USA"]
[Date "2018.03.13"]
[Round "8.2"]
[White "Chandra, Akshat"]
[Black "Ali Marandi, Cemil Can"]
[Result "1/2-1/2"]
[WhiteTitle "GM"]
[BlackTitle "GM"]
[WhiteElo "2490"]
[BlackElo "2538"]
[WhiteFideId "25006711"]
[BlackFideId "6300529"]
[EventDate "2018.03.06"]

1. e4 b6 2. d4 Bb7 3. Bd3 g6 4. c4 Bg7 5. Nf3 e6 6. Nc3 Ne7 7. O-O d6 8. Be3 Nd7
9. Qd2 h6 10. b4 g5 11. d5 O-O 12. Nd4 c5 13. dxc6 Nxc6 14. Nxc6 Bxc6 15. Rac1
Ne5 16. Be2 Ng6 17. Nb5 Be5 18. Rfd1 Qe7 19. Nc3 Rad8 20. Bd4 Bf4 21. Be3 Be5
22. Bd4 Bf4 23. Be3 1/2-1/2

[Event "St Louis Spring B"]
[Site "Saint Louis USA"]
[Date "2018.03.14"]
[Round "9.5"]
[White "Liang, Awonder"]
[Black "Chandra, Akshat"]
[Result "1/2-1/2"]
[WhiteTitle "GM"]
[BlackTitle "GM"]
[WhiteElo "2570"]
[BlackElo "2490"]
[WhiteFideId "2056437"]
[BlackFideId "25006711"]
[EventDate "2018.03.06"]

1. Nf3 d5 2. g3 Nd7 3. Bg2 e5 4. O-O Bd6 5. c4 d4 6. e3 dxe3 7. fxe3 Ngf6 8. d4
c6 9. Nh4 O-O 10. Nc3 Re8 11. c5 Be7 12. b4 exd4 13. exd4 Nf8 14. Nf5 Bxf5 15.
Rxf5 Qd7 16. Qd3 a5 17. b5 Rad8 18. bxc6 bxc6 19. Bb2 Ne6 20. d5 cxd5 21. Nxd5
Bxc5+ 22. Kh1 Nxd5 23. Rxd5 Qc7 24. Rc1 Qb6 25. Ba1 Rxd5 26. Bxd5 Bd4 27. Qb3
Qxb3 28. axb3 Bxa1 29. Rxa1 Nc7 30. Rxa5 Nxd5 1/2-1/2